00447nmm a22001577a 450000500170000000800410001704100080005808200100006610000250007624500940010126000090019565000150020465000330021965000190025265000180027120160523143454.0150618b xxu||||| |||| 00| 0 spa d aspa aDE 10 aBrenes Moya, Marlon  aPlan para la administración adecuada de las finanzas y deudas bancarias en Bancrédito c2014 aCOSTA RICA aADMINISTRACIÓN DE EMPRESAS aCOBRO JUDICIAL aBANCRÉDITO